Kraje jedzeniowe - Statystyki

Ogólne statystyki
  • Ten quiz został rozwiązany 12 razy
  • Średni wynik to 2 z 5
Statystyki odpowiedzi
do kogo nalezy Kraj/teretorium zalezne % Poprawnych
Wielka brytania Sandwich Południowy
80%
Australia Wyspy kokosowa
40%
Kostaryka Wyspy kokosowa
40%
Nowa Zelandia Bounty
30%
Australia Wyspy Heard i McDonald
10%
Nie znaleziono quizów pasujących do podanych kryteriów
Rozkład punktacji
Procent ludzi z każdym wynikiem
Percentyl według liczby udzielonych odpowiedzi
Twoja historia wyników
Nie rozwiązałeś tego quizu